Women's landmarks in the democratisation process in Uganda.

Saved in:
நூற்பட்டியல் விவரங்கள்
குழும எழுத்தாளர்கள்: Friedrich-Ebert-Stiftung., National Association of Women's Organisations in Uganda.
வடிவம்: புத்தகம்
மொழி:English
வெளியீடப்பட்டது: [Kampala] : Friedrich Ebert Foundation, 1995.
பகுதிகள்:
குறியீடுகள்: குறிச்சொல் இணை
குறியீடுகள் இல்லை, இந்த குறிச்சொல்லை முதலில் பதிவு செய்யுங்கள்!
LEADER 00816aam a2200253 a 4500
001 007635362-1
005 20020606104010.5
008 961115s1995 ug a 000 0 eng
010 |a  96981357  
035 0 |a ocm35955438 
040 |a DLC  |c DLC 
042 |a lcode 
043 |a f-ug--- 
050 0 0 |a HQ1236.5.U33  |b W68 1995 
245 0 0 |a Women's landmarks in the democratisation process in Uganda. 
260 |a [Kampala] :  |b Friedrich Ebert Foundation,  |c 1995. 
300 |a 48, xv p. :  |b ill. ;  |c 21 cm. 
500 |a "National Association of Women's Organisations in Uganda"--Cover. 
650 0 |a Women's rights  |z Uganda. 
650 0 |a Women  |x Political activity  |z Uganda. 
710 2 |a Friedrich-Ebert-Stiftung. 
710 2 |a National Association of Women's Organisations in Uganda. 
988 |a 20020608 
906 |0 DLC